Electric machinery fundamentals (Record no. 1110)

000 -LEADER
fixed length control field 00674nam a22002294a 4500
001 - CONTROL NUMBER
control field 1110
003 - CONTROL NUMBER IDENTIFIER
control field BD-DhUET
008 - FIXED-LENGTH DATA ELEMENTS--GENERAL INFORMATION
fixed length control field 030923s2005 nyua b 001 0 eng
020 ## - INTERNATIONAL STANDARD BOOK NUMBER
International Standard Book Number 0071151559
040 ## - CATALOGING SOURCE
Original cataloging agency DLC
Transcribing agency DLC
Modifying agency BD-DhUET
082 00 - DEWEY DECIMAL CLASSIFICATION NUMBER
Classification number 623
Item number CHA/2005
100 1# - MAIN ENTRY--PERSONAL NAME
Personal name Chapman, Stephen J.
245 10 - TITLE STATEMENT
Title Electric machinery fundamentals
250 ## - EDITION STATEMENT
Edition statement 4th ed.
260 ## - PUBLICATION, DISTRIBUTION, ETC. (IMPRINT)
Place of publication, distribution, etc. Boston
Name of publisher, distributor, etc. McGraw-Hill
Date of publication, distribution, etc. 2005
300 ## - PHYSICAL DESCRIPTION
Extent xxii, 746p.
Other physical details ill.
Dimensions 24 cm.
500 ## - GENERAL NOTE
General note Includes bibliographies
650 #0 - SUBJECT ADDED ENTRY--TOPICAL TERM
Topical term or geographic name as entry element Electric engineering
856 41 - ELECTRONIC LOCATION AND ACCESS
Uniform Resource Identifier http://www.loc.gov/catdir/toc/mh041/2003065174.html
856 42 - ELECTRONIC LOCATION AND ACCESS
Uniform Resource Identifier http://www.loc.gov/catdir/description/mh041/2003065174.html
942 ## - ADDED ENTRY ELEMENTS (KOHA)
Koha item type General Book
Holdings
Koha item type Price effective from Koha renewals Location (home branch) Koha date last borrowed Lost status Sublocation or collection (holding branch) Koha full call number Koha issues (times borrowed) Copy number Withdrawn status Shelving location Not for loan Koha normalized classification for sorting Date acquired Damaged status Koha date last seen Piece designation (barcode) Koha out on loan Source of classification or shelving scheme
General Book2014-08-30 Central Library, BUET2024-12-18 Central Library, BUET623/CHA/2005151 Circulation section 623_000000000000000_CHA_20052014-08-30 2025-04-16103333  
General Book2014-08-30 Central Library, BUET2026-03-30 Central Library, BUET623/CHA/2005232 Circulation section 623_000000000000000_CHA_20052014-08-30 2026-04-15103335  
General Book2014-08-30 Central Library, BUET2016-02-27 Central Library, BUET623/CHA/200523 Circulation section 623_000000000000000_CHA_20052014-08-30 2016-02-271033362017-02-26 
General Book2014-08-301Central Library, BUET2022-11-22 Central Library, BUET623/CHA/2005114 Circulation section 623_000000000000000_CHA_20052014-08-30 2022-11-221033372022-12-06 
General Book2015-01-26 Central Library, BUET2025-12-01 Central Library, BUET623/CHA/2005175 Circulation section 623_000000000000000_CHA_20052015-01-26 2025-12-011033392025-12-15 
General Book2015-12-30 Central Library, BUET2026-01-07 Central Library, BUET623/CHA/2005256 Circulation section 623_000000000000000_CHA_20052015-12-30 2026-02-03103340